Statistics for Actors / Directors

Click here to take the quiz!

General Stats

  • This quiz has been taken 18,348 times
    (4,723 since last reset)
  • The average score is 11 of 22

Answer Stats

MoviesDirector% Correct
Braveheart | ApocalyptoMel Gibson
95%
Million Dollar Baby | American SniperClint Eastwood
86%
Dances with Wolves | The PostmanKevin Costner
79%
Gone Baby Gone | ArgoBen Affleck
79%
That Thing You Do! | Larry CrowneTom Hanks
79%
Zoolander | Tropic ThunderBen Stiller
78%
The Expendables | Staying AliveSylvester Stallone
63%
The Horse Whisperer |
A River Runs Through It
Robert Redford
55%
Good Night, and Good Luck |
The Monuments Men
George Clooney
53%
Throw Momma from the Train |
Matilda
Danny DeVito
46%
A Bronx Tale | The Good ShepherdRobert De Niro
45%
Scary Movie | White ChicksKeenen Ivory
Wayans
43%
Get Out | UsJordan Peele
43%
Apollo 13 | A Beautiful MindRon Howard
43%
City Lights | Modern TimesCharles Chaplin
42%
Iron Man | The Lion King (2019)Jon Favreau
38%
When Harry Met Sally... |
The Princess Bride
Rob Reiner
32%
Reds | BulworthWarren Beatty
31%
Little Man Tate | The BeaverJodie Foster
31%
The Great Debaters | Antwone FisherDenzel Washington
26%
Into the Wild | The Indian RunnerSean Penn
26%
Big | A League of Their OwnPenny Marshall
22%

Score Distribution

Percentile by Number Answered

Percent of People with Each Score

Your Score History

You have not taken this quiz since the last reset